000
00252nam a22001217a 4500
003
SGT
082
_a
617.51
_b
T86S
100
_a
STROHM, M.
245
_a
TRAUMA OF THE MIDDLE EAR
260
_a
LONDON
_b
KARGER
_c
1986
300
_a
254
942
_2
ddc
_c
BK
999
_c
14874
_d
14874